000 00285nam a22001337a 4500
008 170421b xxu||||| |||| 00| 0 eng d
020 _a9780495108757
041 _aeng
080 _22nd
_a002-2821
100 _a11
101 _ashm
245 _abiology
_cstarr, c
942 _2udc
_cBK
999 _c11514
_d11514